Berufsplanung für den Management-Nachwuchs mit aktuellen Stellenangeboten von über 200 Unternehmen

Guardado en:
Detalles Bibliográficos
Formato: Libro
Lenguaje:alemán
Publicado: Köln Staufenbiel Institut für Studien- und Berufsplanung 1999
Edición:20. Aufl.
Materias:
Etiquetas: Agregar Etiqueta
Sin Etiquetas, Sea el primero en etiquetar este registro!

MARC

LEADER 00000nam a2200000 4500
001 c129758
005 20240229123857.9
020 |a 3-922132-03-0 
041 0 |a ger 
044 |a DE 
245 1 0 |a Berufsplanung für den Management-Nachwuchs  |b mit aktuellen Stellenangeboten von über 200 Unternehmen  |c Joerg E. Staufenbiel (Hg.) 
250 |a 20. Aufl. 
264 1 |a Köln  |b Staufenbiel Institut für Studien- und Berufsplanung  |c 1999 
300 |a 616 s. 
610 2 0 |a povolania 
610 2 0 |a miesta pracovné 
610 2 0 |a trh práce 
610 2 0 |a zamestnanosť 
610 2 0 |a nezamestnanosť 
610 2 0 |a plánovanie 
610 2 0 |a vzdelávanie 
610 2 0 |a obchodníci 
610 2 0 |a poistenie 
610 2 0 |a peniaze 
610 2 0 |a manažéri 
610 2 0 |a poradenstvo 
610 2 0 |a ponuka práce 
610 2 0 |a Nemecko